| 000 | 01067cam a22002174a 4500 | ||
|---|---|---|---|
| 005 | 20250605164000.0 | ||
| 008 | 250528s ||||||||||||||||||||||||d | ||
| 035 | _a15589 | ||
| 020 | _a340544511 | ||
| 040 |
_aGR-AtMCL _bgre _dGR-AtMCL _eAACR2 |
||
| 245 | 1 | _aMC68000 Assembly Language Programming | |
| 260 | _c1991 | ||
| 300 | _a344 | ||
| 520 | _aIntroduction to Computer Systems, Computer Hardware, Computer Software, Introduction to the MC68000, Assembly Language Programming, Introduction to MC68000 Instructions, MC68000 Arithmetic Instructions, Modular Programming with NC68000, Program Loop Control, Address Register Addressing, Review of Addressing Modes, Medium to Large Programs: Desing and Coding and Testing, Introduction to Parallel and Serial Input/ Output, Exceptions, Macros and Conditional Assembly, Programming Time Intervals, Interfacing to High Level Languages, References, Index. | ||
| 700 | 1 |
_aBramer Brian _91548 |
|
| 700 | 1 |
_aBramer Susan _91549 |
|
| 700 | 1 |
_aEdward Arnold _9242 |
|
| 942 | _cBK | ||
| 999 |
_c1159 _d1159 |
||